BSOP header

Yi zhi zhi lu {ch} = (Record no. 33330)

MARC details
000 -LEADER
fixed length control field 00987nam a2200241 4500
008 - FIXED-LENGTH DATA ELEMENTS--GENERAL INFORMATION
fixed length control field 090611s2006 ch 000 0 chi
020 ## - INTERNATIONAL STANDARD BOOK NUMBER
International Standard Book Number 9575879341
020 ## - INTERNATIONAL STANDARD BOOK NUMBER
International Standard Book Number 9789575879341 :NT320/192/Php288.00
041 ## - LANGUAGE CODE
Language code of text/sound track or separate title chi
Language code of original and/or intermediate translations of text eng
090 ## - LOCALLY ASSIGNED LC-TYPE CALL NUMBER (OCLC); LOCAL CALL NUMBER (OCLC)
Classification number (OCLC) (R) ; Classification number, CALL (RLIN) (NR) BV4909
Local cutter number (OCLC) ; Book number/undivided call number, CALL (RLIN) Al5
-- 2006
100 1# - MAIN ENTRY--PERSONAL NAME
Personal name Allender, Dan B.
240 10 - UNIFORM TITLE
Uniform title Healing path.
Language of a work Chinese
245 10 - TITLE STATEMENT
Title Yi zhi zhi lu {ch} =
Remainder of title The healing path /
Statement of responsibility, etc Ailunde (Dan B. Allender) zhu ; He Chunli, Fu Yunxian yi.
260 ## - PUBLICATION, DISTRIBUTION, ETC. (IMPRINT)
Place of publication, distribution, etc Taibei Xian Xindian Shi :
Name of publisher, distributor, etc Xiao yuan shu fang chu ban she,
Date of publication, distribution, etc 2006.
300 ## - PHYSICAL DESCRIPTION
Extent 363 p. ;
Dimensions 22 cm.
490 1# - SERIES STATEMENT
Series statement Move
500 ## - GENERAL NOTE
General note Translation of : The healing path : how the hurts in your past can lead you to a more abundant life / Dan B. Allender, Colorado Springs, Colo. : WaterBrook Press, c1999.
650 #4 - SUBJECT ADDED ENTRY--TOPICAL TERM
Topical term or geographic name as entry element Suffering
General subdivision Religious aspects
-- Christianity {ch}.
951 ## - EQUIVALENCE OR CROSS-REFERENCE-GEOGRAPHIC NAME/AREA NAME [OBSOLETE] [CAN/MARC only]
General subdivision 00038267
700 1# - ADDED ENTRY--PERSONAL NAME
Personal name He, Chunli.
700 1# - ADDED ENTRY--PERSONAL NAME
Personal name Fu, Yunxian.
951 ## - EQUIVALENCE OR CROSS-REFERENCE-GEOGRAPHIC NAME/AREA NAME [OBSOLETE] [CAN/MARC only]
-- C-9396
-- CHBV4909/Al5/2006
-- 090611172957765
-- 2000-12-21
-- CH
Holdings
Withdrawn status Lost status Damaged status Not for loan Home library Current library Shelving location Date acquired Accession number Shelving control number Total Checkouts Full call number Barcode Date last seen Price effective from Koha item type
        BSOP Library BSOP Library Chinese Books (General Circulation) 12/21/2000 C-9396 127   CHBV4909/Al5/2006 00038267 02/23/2013 02/23/2013 Books
BSOP

Biblical Seminary of the Philippines
  All rights Reserved
  © 2024

CONTACT INFORMATION

Biblical Seminary of the Philippines,
  77-B Karuhatan Road, Valenzuela City,
  PHILIPPINES 1441
  Phone: +632 8292-6795 / 8292-6798
  Fax : +632 8292-6675
  Email: library@bsop.edu.ph